Documento firmado por Don Francisco Molinos del Campo (Record no. 4836)

MARC details
000 -CABECERA
campo de control de longitud fija 01450nam a2200313 a 4500
001 - NÚMERO DE CONTROL
campo de control BRCA_5142
005 - FECHA Y HORA DE LA ÚLTIMA TRANSACCIÓN
campo de control 20190320204946.0
008 - DATOS DE LONGITUD FIJA--INFORMACIÓN GENERAL
campo de control de longitud fija 221110s1823----mx-######v---#000-0#spa-#
041 ## - CÓDIGO DE LENGUA
Código de lengua del texto/banda sonora o título independiente spa
044 ## - CÓDIGO DEL PAÍS DE LA ENTIDAD EDITORA/PRODUCTORA
Código MARC del país mx
084 ## - OTRO NÚMERO DE CLASIFICACIÓN
Número de clasificación DOC133
Número de documento/Ítem .M65
-- 1823
100 1# - ENTRADA PRINCIPAL--NOMBRE DE PERSONA
Nombre de persona Molinos del Campo, Francisco
9 (RLIN) 13135
245 10 - MENCIÓN DE TÍTULO
Título Documento firmado por Don Francisco Molinos del Campo
Mención de responsabilidad, etc. Francisco Molinos del Campo ; Gaspar José Ortega.
260 ## - PUBLICACIÓN, DISTRIBUCIÓN, ETC.
Lugar de publicación, distribución, etc. México
Fecha de publicación, distribución, etc. 1823
300 ## - DESCRIPCIÓN FÍSICA
Extensión [1] foja
Dimensiones 32 x 22 cm.
500 ## - NOTA GENERAL
Nota general Documento firmado el 19 de noviembre de 1823.
500 ## - NOTA GENERAL
Nota general Documento que consta de una acta de filiación de ingreso al ejercito del C. Gaspar José Ortega, de oficio vinatero, firmada por el Jefe Superior Político.
500 ## - NOTA GENERAL
Nota general Al margen sello con escudo nacional mexicano y lema: ´PROVINCIA DE MEXICO. MILICIA CIVICA DE INFANTERIA´.
500 ## - NOTA GENERAL
Nota general El documento contiene la leyenda DOC. #301.
500 ## - NOTA GENERAL
Nota general Estado de conservación: contiene los márgenes maltratados.
506 0# - NOTA DE RESTRICCIONES AL ACCESO
Limitaciones de acceso Fondo Reservado. Para su consulta es necesario credencial de usuario y carta de motivos.
546 ## - NOTA DE LENGUA/LENGUAJE
Nota de lengua/lenguaje Texto en: español de principios del siglo XIX.
600 14 - PUNTO DE ACCESO ADICIONAL DE MATERIA--NOMBRE DE PERSONA
Nombre de persona Molinos del Campo, Francisco
Subdivisión general Historia
9 (RLIN) 13136
650 14 - PUNTO DE ACCESO ADICIONAL DE MATERIA--TÉRMINO DE MATERIA
Término de materia o nombre geográfico como elemento de entrada Reclutamiento y alistamiento
Subdivisión de forma Manuscritos
Subdivisión general Historia
9 (RLIN) 13137
651 #4 - PUNTO DE ACCESO ADICIONAL DE MATERIA--NOMBRE GEOGRÁFICO
Nombre geográfico México
Subdivisión general Historia
Subdivisión cronológica Primeros gobiernos independientes, 1821-1824
9 (RLIN) 13138
700 1# - PUNTO DE ACCESO ADICIONAL--NOMBRE DE PERSONA
Nombre de persona Ortega, Gaspar José
9 (RLIN) 13139
902 ## - CATALOGADOR
Iniciales FDH
942 ## - ELEMENTOS DE PUNTO DE ACCESO ADICIONAL (KOHA)
Fuente del sistema de clasificación o colocación Library of Congress Classification
Tipo de ítem Koha Documentos
Holdings
Estado de retiro Estado de pérdida Estado dañado No para préstamo Localización permanente Ubicación/localización actual Fecha de adquisición Total de préstamos Signatura topográfica completa Código de barras Fecha visto por última vez Precio válido a partir de Tipo de ítem Koha
El ejemplar forma parte de la colección y puede ser consultado según las políticas vigentes.       Biblioteca del Museo Franz Mayer (Rogerio Casas-Alatriste) Biblioteca del Museo Franz Mayer (Rogerio Casas-Alatriste) 22/11/2010   DOC133 .M65 1823 5486 22/03/2019 22/03/2019 Documentos